Raoul Ruiz
Gespeichert in:
| 1. Verfasser: | |
|---|---|
| Weitere Verfasser: | |
| Format: | Buch |
| Sprache: | Französisch |
| Veröffentlicht: |
París, Francia
Dis Voir
1987
|
| Schlagworte: | |
| Tags: |
Tag hinzufügen
Keine Tags, Fügen Sie den ersten Tag hinzu!
|
MARC
| LEADER | 00000cam a2200000 a 4500 | ||
|---|---|---|---|
| 001 | UCE3182 | ||
| 003 | CL-VaPUC | ||
| 005 | 20220913074556.0 | ||
| 008 | 140821e19870000fr |||||||||||||||||fre|d | ||
| 999 | |c 356606 |d 356604 | ||
| 020 | |a 2906571024 | ||
| 040 | |c Pontificia Universidad Católica de Valparaíso | ||
| 082 | 0 | 4 | |a 791.43 BUC 1987 |2 21 |
| 100 | 0 | |a Buci-Glucksmann, Christine |9 575676 | |
| 245 | 1 | 0 | |a Raoul Ruiz |
| 260 | 0 | 3 | |a París, Francia |b Dis Voir |c 1987 |
| 300 | |a v | ||
| 583 | |a last modification |c 20140821 14:35:00 |k Rodrigo Vera | ||
| 650 | 0 | |a Cinematografía |9 265198 | |
| 650 | 0 | |a Filosofía del arte |9 264951 | |
| 650 | 0 | |a Directores de cine |9 368705 | |
| 700 | 0 | |a Revault D' Allonnes, Fabrice |9 575677 | |
| 942 | |c BK |2 ddc | ||
| 945 | |d 20140821 14:35:00 |a dcastane | ||
| 952 | |0 0 |1 0 |2 ddc |3 erb |4 0 |6 791_430000000000000_BUC_1987 |7 0 |8 A |9 464060 |a FDOSRS |b FDOSRS |h v.1 |i 5093716 |o 791.43 BUC 1987 |p 5093716 |r 2023-01-11 |t 1 |w 2019-11-23 |y BK |z Catalogado en:20140821 |k SRS | ||